Catálogo público

Manual de estadísticas básicas del estado de Puebla (Record no. 3821)

MARC details
000 -CABECERA
campo de control de longitud fija 01336nam a22003617a 4500
003 - IDENTIFICADOR DEL NÚMERO DE CONTROL
campo de control CHAP
005 - FECHA Y HORA DE LA ÚLTIMA TRANSACCIÓN
campo de control 20220329133236.0
008 - DATOS DE LONGITUD FIJA--INFORMACIÓN GENERAL
campo de control de longitud fija 971013s1982 r 00010 d
010 ## - NÚMERO DE CONTROL DE LA BIBLIOTECA DEL CONGRESO
Número de control de LC 3821
011 ## - ENLACE DEL NUMERO DE CONTROL DE LA BIBLIOTECA DEL CONGRESO [OBSOLETO]
Número de control de LC 4793
035 ## - NÚMERO DE CONTROL DEL SISTEMA
Número de control de sistema 3997
040 ## - FUENTE DE LA CATALOGACIÓN
Centro/agencia transcriptor CHAP
082 ## - NÚMERO DE LA CLASIFICACIÓN DECIMAL DEWEY
Número de clasificación 317.2 M4
Número de documento/Ítem Pue.
110 ## - ENTRADA PRINCIPAL--NOMBRE DE ENTIDAD CORPORATIVA
Nombre de entidad corporativa o nombre de jurisdicción como elemento de entrada México. Coordinación General de los Servicios Nacionales de Estadística, Geografía e Informática
9 (RLIN) 76893
245 ## - MENCIÓN DE TÍTULO
Título Manual de estadísticas básicas del estado de Puebla
260 ## - PUBLICACIÓN, DISTRIBUCIÓN, ETC.
Lugar de publicación, distribución, etc. México, D. F. :
Nombre del editor, distribuidor, etc. La Coordinación,
Fecha de publicación, distribución, etc. 1982
300 ## - DESCRIPCIÓN FÍSICA
Extensión 2 v.
500 ## - NOTA GENERAL
Nota general c.c. Anuario estadístico de Puebla
500 ## - NOTA GENERAL
Nota general D51-148
590 ## - NOTA LOCAL (RLIN)
Nota local BATCH-UPD
Procedencia (VM) [OBSOLETO] 10
Condición del los carretes individuales (VM) [OBSOLETO] 20130110
-- UCH01
-- 2132
590 ## - NOTA LOCAL (RLIN)
Nota local BATCH-UPD
Procedencia (VM) [OBSOLETO] 10
Condición del los carretes individuales (VM) [OBSOLETO] 20130410
-- UCH01
-- 1441
590 ## - NOTA LOCAL (RLIN)
Nota local BATCH-UPD
Procedencia (VM) [OBSOLETO] 10
Condición del los carretes individuales (VM) [OBSOLETO] 20130914
-- UCH01
-- 1454
590 ## - NOTA LOCAL (RLIN)
Nota local CONVERSION
Procedencia (VM) [OBSOLETO] 10
Condición del los carretes individuales (VM) [OBSOLETO] 20130109
-- UCH01
-- 1303
650 14 - PUNTO DE ACCESO ADICIONAL DE MATERIA--TÉRMINO DE MATERIA
Término de materia o nombre geográfico como elemento de entrada Agricultura
Subdivisión general Estadisticas
Subdivisión geográfica Puebla.
9 (RLIN) 1463
650 14 - PUNTO DE ACCESO ADICIONAL DE MATERIA--TÉRMINO DE MATERIA
Término de materia o nombre geográfico como elemento de entrada Ganadería
Subdivisión general Estadísticas
Subdivisión geográfica Puebla.
9 (RLIN) 44721
650 14 - PUNTO DE ACCESO ADICIONAL DE MATERIA--TÉRMINO DE MATERIA
Término de materia o nombre geográfico como elemento de entrada Puebla
Subdivisión general Estadísticas.
9 (RLIN) 92876
901 ## - ELEMENTOS DE DATOS A LOCAL LDA (RLIN)
a BK
942 ## - ELEMENTOS DE PUNTO DE ACCESO ADICIONAL (KOHA)
Tipo de ítem Koha Libro
949 ## - PROCESAMIENTO DE INFORMACIÓN LOCAL (OCLC)
a 317.2 M4 Pue.
b BC
c C
d -74515
e C
f v.1 c.2
h 61851
i 3997
s i
949 ## - PROCESAMIENTO DE INFORMACIÓN LOCAL (OCLC)
a 317.2 M4 Pue.
b BC
c C
d 33724000280103
e C
f v.2
h 61524
i 3997
s i
949 ## - PROCESAMIENTO DE INFORMACIÓN LOCAL (OCLC)
a 317.2 M4 Pue.
b BC
c C
d 33724000280616
e C
f v.2 c.2
h 61852
i 3997
s i
949 ## - PROCESAMIENTO DE INFORMACIÓN LOCAL (OCLC)
a 317.2 M4 Pue.
b BC
c MUT
d -13528
e MUT
f v.1
h 61523
i 3997
s i
Holdings
Estado de retiro Estado de pérdida Fuente del sistema de clasificación o colocación Estado dañado Restricciones de uso No para préstamo Código de colección Localización permanente Ubicación/localización actual Ubicación en estantería Fecha de adquisición Información codificada de la localización en otra ubicación Total de préstamos Signatura topográfica completa Código de barras Fecha visto por última vez Número de copia Precio válido a partir de Tipo de ítem Koha
    Dewey Decimal Classification   Préstamo interno   Consulta Biblioteca Central Biblioteca Central Planta alta - Coleción Consulta 31/12/2019 LIBRO   317.2 M4 Pue. -74515 31/12/2019 v.1 c.2 31/12/2019 Libro
    Dewey Decimal Classification   Préstamo interno   Consulta Biblioteca Central Biblioteca Central Planta alta - Coleción Consulta 31/12/2019 LIBRO   317.2 M4 Pue. 33724000280103 31/12/2019 v.2 31/12/2019 Libro
    Dewey Decimal Classification   Préstamo interno   Consulta Biblioteca Central Biblioteca Central Planta alta - Coleción Consulta 31/12/2019 LIBRO   317.2 M4 Pue. 33724000280616 31/12/2019 v.2 c.2 31/12/2019 Libro
      Material dañado Préstamo 3 días   Material mutilado Biblioteca Central Biblioteca Central   31/12/2019 LIBRO   317.2 M4 Pue. -13528 31/12/2019 v.1 31/12/2019 Libro